[Event "Open NK"]
[Site "Dieren NED"]
[Date "2007.07.25"]
[Round "2"]
[White "Sprangers,R"]
[Black "Schilt,K"]
[Result "1-0"]
[WhiteElo "2191"]
[BlackElo "2108"]

1.e4 c5 2.Nf3 e6 3.d4 cxd4 4.Nxd4 Nc6 5.Nc3 Qc7 6.Be3 Nf6 7.Bd3 a6 8.O-O Bd6
9.f4 Nxd4 10.e5 Bxe5 11.fxe5 Qxe5 12.Qd2 Ng4 13.Bf4 Qc5 14.Kh1 e5 15.Bg3 d5
16.h3 h5 17.b4 Qxb4 18.hxg4 hxg4+ 19.Kg1 Qc5 20.Qf2 f6 21.Na4 Qc6 22.Bg6+ Kd8
23.c3 Ne6 24.Nb6 Rb8 25.Nxd5 Qc5 26.Rad1 Qxf2+ 27.Bxf2 Bd7 28.Bb6+ Kc8 29.Ne7+  1-0

[Event "Open NK"]
[Site "Dieren NED"]
[Date "2007.07.25"]
[Round "2"]
[White "Ten Hertog,H"]
[Black "Struik,T"]
[Result "0-1"]
[WhiteElo "2084"]
[BlackElo "2185"]

1.e4 c5 2.Nf3 e6 3.d4 cxd4 4.Nxd4 Nc6 5.Nc3 Qc7 6.Be3 a6 7.Qd2 Nf6 8.f3 b5
9.Nxc6 dxc6 10.O-O-O e5 11.g4 Be6 12.Kb1 Be7 13.g5 Nh5 14.Qf2 O-O 15.Qh4 g6
16.Bh3 Ng7 17.Bxe6 Nxe6 18.Qg4 Rad8 19.h4 b4 20.Ne2 Rxd1+ 21.Rxd1 Rd8 22.Rh1 Nd4
23.Nxd4 exd4 24.Bf4 Bd6 25.Bd2 c5 26.h5 Bf8 27.hxg6 hxg6 28.Bf4 Qe7 29.Qh4 Bg7
30.Qh2 c4 31.Rd1 Qc5 32.Qe2 a5 33.e5 Re8 34.Re1 a4 35.Qh2 Re6 36.Qf2 c3 37.Bc1 Rxe5
38.Rxe5 Qxe5 39.Qf1 b3 40.axb3 axb3 41.Qd3 bxc2+ 42.Kxc2 Qd5 43.bxc3 Qa2+
44.Kd1 Qb3+ 45.Qc2 Qxc3 46.Qxc3 dxc3 47.Ba3 Bf8 48.Bc1 Bb4 49.Kc2 Kf8 50.Be3 Ke7
51.Bb6 Ke6 52.Kb3 Bd6 53.Kxc3 Kf5 54.Kd3 Kxg5 55.Ke2 Kh4 56.Kf2 Kh3 57.Ba7 Bg3+
58.Kg1 Bh4 59.Bb8 Be7 60.Be5 Bc5+ 61.Kf1 f5 62.Bf4 Bb6 63.Be5 Be3 64.Ke2 Bc1
65.Kf2 g5 66.Bf6 Bf4 67.Bd4 g4 68.fxg4 fxg4 69.Bc5 Kh2 70.Bd4 Bc7 71.Bc5 g3+
72.Kf3 g2 73.Kg4 Kh1 74.Kh3 Bh2 75.Bd4 Bg1 76.Be5 Be3 77.Bh2 Bf2  0-1

[Event "ch-ITA U20"]
[Site "Fiuggi ITA"]
[Date "2007.07.25"]
[Round "8"]
[White "Lombardo,M"]
[Black "Santagati,A"]
[Result "0-1"]
[WhiteElo "2002"]
[BlackElo "2141"]

1.e4 e6 2.d4 c5 3.Nf3 cxd4 4.Nxd4 Nc6 5.Nc3 a6 6.Be3 Qc7 7.Be2 b5 8.a3 Nf6
9.f3 d6 10.Qd2 Rb8 11.O-O Be7 12.Rac1 O-O 13.Nxc6 Qxc6 14.Na2 d5 15.exd5 Nxd5
16.Bf2 Bc5 17.c4 Bxf2+ 18.Rxf2 bxc4 19.Rxc4 Qb6 20.b4 Rd8 21.Rd4 Bb7 22.Bc4 Ne3
23.Qxe3 Rxd4 24.Bf1 Rbd8 25.Nc3 Qd6 26.Na4 Rd1 27.Nc5 Bd5 28.Qc3 a5 29.bxa5 Rc8
30.Rc2 Bb3 31.Qxb3 Rxc5 32.Rf2 Rxa5 33.a4 h6 34.g3 Ra1  0-1

[Event "Najdorf Mem GpA"]
[Site "Grodzisk Mazowiecki POL"]
[Date "2007.07.25"]
[Round "6"]
[White "Moskwinski,T"]
[Black "Jensen,C"]
[Result "1-0"]
[WhiteElo "2246"]
[BlackElo "2018"]

1.e4 c5 2.Nf3 e6 3.d4 cxd4 4.Nxd4 Nc6 5.Nc3 a6 6.g3 Qc7 7.Bg2 Bb4 8.Ne2 Nge7
9.O-O O-O 10.f4 f5 11.a3 Bc5+ 12.Kh1 b5 13.Qd3 Bb7 14.Rd1 Rad8 15.b4 Bb6
16.Be3 Bxe3 17.Qxe3 fxe4 18.Nxe4 Nf5 19.Qd3 Nce7 20.N2c3 d6 21.a4 Nd5 22.Nxd5 Bxd5
23.axb5 Bc4 24.Qf3 axb5 25.Qf2 Rf7 26.Ra6 e5 27.Ng5 Rff8 28.c3 d5 29.Ra7 Qd6
30.Rda1 exf4 31.gxf4 d4 32.R1a6 Qb8 33.cxd4 Rxd4 34.h3 Bd5 35.Bxd5+ Rxd5
36.Qa2 Ne3 37.Ra8 Qxf4 38.Rxf8+ Kxf8 39.Ne6+  1-0

[Event "Czech Open GMA"]
[Site "Pardubice CZE"]
[Date "2007.07.25"]
[Round "6"]
[White "Haznedaroglu,K"]
[Black "Votava,J"]
[Result "1-0"]
[WhiteElo "2440"]
[BlackElo "2547"]

1.e4 c5 2.Nf3 e6 3.d4 cxd4 4.Nxd4 Nc6 5.Nc3 Qc7 6.Be3 a6 7.Qd2 Nf6 8.O-O-O Bb4
9.f3 Ne5 10.Nb3 b5 11.Kb1 Nc4 12.Bxc4 bxc4 13.Nc1 Qa5 14.N1e2 O-O 15.Ka1 Bb7
16.Bg5 Nxe4 17.fxe4 Bxe4 18.Qe3 Bc6 19.Qg3 f6 20.Bh6 Rf7 21.Rhf1 Bf8 22.Rd4 d5
23.Rg4 Qd8 24.Nf4 Qd6 25.Rd1 d4 26.Nce2 e5 27.Nh5 Raa7 28.Bxg7 Rxg7 29.Nxg7 Rxg7
30.Rdxd4 Qe6 31.Rxg7+ Bxg7 32.Rd8+ Kf7 33.Qh4 Ke7 34.Rd1 h6 35.Nd4 Qd7 36.Nxc6+ Qxc6
37.Qg4 Bf8 38.c3 a5 39.Qf3 Qxf3 40.gxf3 Ke6 41.b3 cxb3 42.axb3 Kf5 43.Kb2 Kf4
44.Rd3 Bc5 45.Kc2 Be3 46.c4 f5 47.Rxe3 Kxe3 48.c5 e4 49.fxe4 f4 50.Kd1 f3
51.Ke1  1-0

[Event "Czech Open GMA"]
[Site "Pardubice CZE"]
[Date "2007.07.25"]
[Round "6"]
[White "Petr,Ma"]
[Black "Ramesa,D"]
[Result "1/2-1/2"]
[WhiteElo "2453"]
[BlackElo "2310"]

1.e4 c5 2.Nf3 e6 3.d4 cxd4 4.Nxd4 Nc6 5.Nc3 Qc7 6.g3 d6 7.Bg2 Bd7 8.O-O Nf6
9.Ndb5 Qb8 10.Bf4 Ne5 11.Bg5 a6 12.Nd4 Be7 13.Qe2 O-O 14.Kh1 h6 15.Be3 Qc7
16.Rad1 Nc4 17.Bc1 Rac8 18.f4 b5 19.Rfe1 b4 20.Nb1 e5 21.Nf5 Bb5 22.Qf2 Rfd8
23.c3 d5 24.Nxe7+ Qxe7 25.b3 Nd6 26.exd5 bxc3 27.Nxc3 Rxc3 28.fxe5 Ng4 29.Qd4 Rxc1
30.Rxc1 Nxe5 31.a4 Bd7 32.Rc7 f6 33.Qc5 Rc8 34.Bh3 Qd8 35.Rxd7 Qxd7 36.Qxc8+ Qxc8
37.Bxc8 Nxc8 38.Rc1 Ne7 39.Rc5 Nd3 40.Rc3 Nb4  1/2-1/2

[Event "Czech Open GMA"]
[Site "Pardubice CZE"]
[Date "2007.07.25"]
[Round "6"]
[White "Abel,D"]
[Black "Vorobiov,E"]
[Result "0-1"]
[WhiteElo "2341"]
[BlackElo "2572"]

1.e4 c5 2.Nf3 Nc6 3.d4 cxd4 4.Nxd4 e6 5.Nc3 Qc7 6.Be3 a6 7.Bd3 Nf6 8.O-O Nxd4
9.Bxd4 Bc5 10.Bxc5 Qxc5 11.Kh1 b5 12.f3 O-O 13.a4 b4 14.Na2 d6 15.c3 bxc3
16.Rc1 Rb8 17.Rxc3 Qd4 18.Qc2 d5 19.Rd1 Qe5 20.Nb4 dxe4 21.Nc6 exd3 22.Rcxd3 Qc7
23.Qc5 Rb7 24.Rd8 Rxd8 25.Rxd8+ Qxd8 26.Nxd8 Rd7 27.g4 Rxd8 28.Qc7 Rd1+ 29.Kg2 Bd7
30.Qa5 Rd6 31.Qd8+ Ne8 32.Qa5 h6 33.b4 f6 34.Kf2 Bc8 35.Ke3 Rd7 36.Qb6 Nd6
37.Qc6 Kf7 38.h4 Ke7 39.h5 Rb7 40.Qc5 Bd7 41.b5 axb5 42.a5 b4 43.a6 Rb5 44.Qc7 Ne8
45.Qc4 b3 46.a7 b2 47.a8=Q b1=Q 48.Qa3+ Nd6 49.Qcd3 Qe1+ 50.Qe2 Re5+  0-1

[Event "ITT"]
[Site "Vicente Lopez ARG"]
[Date "2007.07.25"]
[Round "3"]
[White "Della Morte,P"]
[Black "Lopez Gonzalez,D"]
[Result "1-0"]
[WhiteElo "2283"]
[BlackElo "2184"]

1.e4 c5 2.Nf3 e6 3.d4 cxd4 4.Nxd4 Nc6 5.Nc3 Qc7 6.f4 a6 7.Be3 b5 8.Be2 Bb7
9.O-O Rc8 10.Bf3 Nxd4 11.Qxd4 Ne7 12.Rad1 Nc6 13.Qd3 Na5 14.Kh1 Nc4 15.Bc1 Be7
16.e5 Bxf3 17.Rxf3 d5 18.b3 Nb6 19.f5 exf5 20.Qxf5 O-O 21.Rh3 g6 22.Qf4 f5
23.Bb2 Rfd8 24.Rd2 Bf6 25.Ne2 Bh8 26.Re3 d4 27.Rh3 Bxe5 28.Qh4 Rd7 29.Nxd4 Qd8
30.Qf2 Qf6 31.Rhd3 Rcd8 32.a3 Nd5 33.Nc6 Bxb2 34.Nxd8 Qxd8 35.Qc5 Nf6 36.Rxd7 Nxd7
37.Qd5+ Kh8 38.Qxd7 Qxd7 39.Rxd7 Bxa3 40.Ra7 b4 41.Kg1 Bb2 42.Kf1 Be5 43.h3  1-0

[Event "2nd Crete Summer Cup"]
[Site "Agios Nikolaos GRE"]
[Date "2007.07.26"]
[Round "6"]
[White "Bellia,F"]
[Black "Bernal Moro,L"]
[Result "1/2-1/2"]
[WhiteElo "2405"]
[BlackElo "2431"]

1.e4 c5 2.Nf3 e6 3.d4 cxd4 4.Nxd4 Nc6 5.Nc3 a6 6.Nxc6 bxc6 7.Bd3 d5 8.O-O Qc7
9.Re1 Bb7 10.Qf3 Bd6 11.e5 Bf8 12.Qg3 c5 13.b3 Ne7 14.Bf4 h6  1/2-1/2

[Event "Arximiro Penide Cedeira Mem"]
[Site "Arteixo ESP"]
[Date "2007.07.26"]
[Round "1"]
[White "Guijarro Arca,B"]
[Black "Dimitrov,Vl"]
[Result "0-1"]
[WhiteElo "1912"]
[BlackElo "2452"]

1.e4 c5 2.Nf3 e6 3.d4 cxd4 4.Nxd4 Nc6 5.Nc3 Qc7 6.Ndb5 Qb8 7.Be3 a6 8.Nd4 Nf6
9.Be2 Bb4 10.f3 d5 11.O-O Bd6 12.exd5 exd5 13.f4 O-O 14.g3 Re8 15.Bf2 Bh3
16.Bf3 Bxf1 17.Qxf1 Bc5 18.Rd1 Qa7 19.Nxd5 Nxd4 20.Nxf6+ gxf6 21.Bd5 Rad8
22.Qc4 Ne6  0-1

[Event "2nd Crete Summer Cup"]
[Site "Agios Nikolaos GRE"]
[Date "2007.07.27"]
[Round "7"]
[White "Bellia,F"]
[Black "Gabaldon Gomez,M"]
[Result "1/2-1/2"]
[WhiteElo "2405"]
[BlackElo "2199"]

1.e4 c5 2.Nf3 e6 3.d4 cxd4 4.Nxd4 Nc6 5.Nc3 d6 6.Be2 Nf6 7.O-O Be7 8.Be3 O-O
9.Kh1 e5 10.Nb3 Be6 11.f4 exf4 12.Bxf4 d5 13.e5 Nd7 14.Nxd5 Ndxe5 15.Nxe7+ Qxe7
16.Nd4 Rad8 17.Nxc6 Nxc6 18.Qe1 Bf5 19.c3 Rfe8 20.Bf3 Be4 21.Bxe4 Qxe4 22.Qxe4  1/2-1/2

[Event "29th Politiken Cup"]
[Site "Copenhagen DEN"]
[Date "2007.07.27"]
[Round "8"]
[White "Petersen,PB"]
[Black "Petersen,Nil"]
[Result "1/2-1/2"]
[WhiteElo "2176"]
[BlackElo "2004"]

1.e4 c5 2.Nf3 e6 3.d4 cxd4 4.Nxd4 Nc6 5.Nc3 a6 6.Be2 Qc7 7.O-O Nf6 8.Kh1 Bb4
9.f3 Nxd4 10.Qxd4 Bc5 11.Qd3 O-O 12.f4 b5 13.e5 Ne8 14.Bf3 Bb7 15.f5 Bxf3
16.Qxf3 Rc8 17.Bf4 Qc6 18.f6 Qxf3 19.Rxf3 Kh8 20.Ne4 Bb6 21.fxg7+ Kxg7 22.Rg3+ Kh8
23.Bh6 Rg8 24.Ng5 Rg6 25.Nxf7+ Kg8 26.Rf1 Rxg3 27.hxg3 Ng7 28.Nd6 Rf8 29.Rf4 Rxf4
30.gxf4 Nf5 31.Nxf5 exf5 32.g3 Bd8 33.Kg2 Kf7 34.Kf3 Be7 35.Bg5 Bc5 36.g4 Kg6
37.Bh4 fxg4+ 38.Kxg4 h5+ 39.Kf3 Kf5 40.c3 Bg1 41.Bg3 Bc5 42.Bh4 Bg1 43.Bg3  1/2-1/2

[Event "Open NK"]
[Site "Dieren NED"]
[Date "2007.07.27"]
[Round "4"]
[White "Schenkeveld,Di"]
[Black "Struik,T"]
[Result "1-0"]
[WhiteElo "2060"]
[BlackElo "2185"]

1.e4 c5 2.Nf3 e6 3.d4 cxd4 4.Nxd4 Nc6 5.Nc3 Qc7 6.Be3 a6 7.Bd3 Nf6 8.O-O Be7
9.Kh1 b5 10.Nxc6 dxc6 11.a4 b4 12.Na2 c5 13.Qe2 Bb7 14.f3 Bd6 15.g3 O-O 16.c3 Rfc8
17.cxb4 cxb4 18.Bd4 e5 19.Be3 Nd7 20.Rac1 Qa5 21.Rfd1 Rxc1 22.Nxc1 Qxa4 23.Bc4 Be7
24.Nb3 Rc8 25.Ra1 Qc6 26.Bd5 Qc7 27.Rc1 Qb8 28.Bc4 Ba8 29.Bxa6 Rxc1+ 30.Bxc1 Nc5
31.Bc4 Bc6 32.Nxc5 Bxc5 33.Bxf7+ Kf8 34.Qc4 Qd6 35.Bd5 Bd7 36.Kg2 h6 37.Bg8 Be8
38.Qd5 Qc7 39.Bd2 Qe7 40.Bh7 Bf7 41.Qa8+ Qe8 42.Qa5 Qe7 43.Qa8+ Qe8 44.Qb7 g5
45.Bxb4 Kg7 46.Bxc5 Kxh7 47.b4 Qe6 48.b5 Kg6 49.Qa6 h5 50.Be7 g4 51.f4 Qxa6
52.f5+ Kg7 53.bxa6 Be8 54.Kf2 Kf7 55.Bd8 Bb5 56.a7 Bc6 57.Ke3 Ba8 58.Bg5 Bb7
59.Kd3 Ba8 60.Kc4 Bxe4 61.Kc5 Ba8 62.Kd6 e4 63.Kc7 e3 64.Bxe3 Kf6 65.Kb8 Bd5
66.a8=Q Bxa8 67.Kxa8 Kxf5 68.Kb7 Ke4 69.Bg5 Kf3 70.Kc6 Kg2 71.Kd5 Kxh2 72.Bh4  1-0

[Event "Open NK"]
[Site "Dieren NED"]
[Date "2007.07.27"]
[Round "4"]
[White "Van den Berg,Ha"]
[Black "Ootes,La"]
[Result "0-1"]
[WhiteElo "2181"]
[BlackElo "2064"]

1.e4 c5 2.Nf3 e6 3.d4 cxd4 4.Nxd4 Nc6 5.Nc3 a6 6.a3 Qc7 7.Nb3 b5 8.Bd3 Bb7
9.O-O Nf6 10.f4 d6 11.Kh1 Be7 12.Qf3 O-O 13.Qh3 Rfe8 14.Bd2 b4 15.Ne2 bxa3
16.bxa3 e5 17.Rae1 d5 18.exd5 e4 19.dxc6 exd3 20.cxb7 dxe2 21.Rxe2 Qxb7 22.Na5 Qb2
23.Rfe1 Bf8 24.Rxe8 Rxe8 25.Qc3 Qb5 26.h3 Rxe1+ 27.Bxe1 Qf1+ 28.Kh2 Nd5 29.Qg3 Bc5
30.h4 Nxf4 31.Qf3 Qg1+ 32.Kg3 Qxe1+ 33.Kxf4 Qxa5 34.Qa8+ Bf8  0-1

[Event "MonRoi International Women GP"]
[Site "Montreal CAN"]
[Date "2007.07.27"]
[Round "6"]
[White "Houska,Jo"]
[Black "Javakhishvili,L"]
[Result "1/2-1/2"]
[WhiteElo "2401"]
[BlackElo "2460"]

1.e4 c5 2.Nf3 e6 3.d4 cxd4 4.Nxd4 Nc6 5.Nc3 a6 6.Be3 Nf6 7.Bd3 Qc7 8.O-O Nxd4
9.Bxd4 Bc5 10.Bxc5 Qxc5 11.Qe2 d6 12.a4 O-O 13.Rfe1 e5 14.Bc4 Be6 15.Bb3 Rac8
16.Ra3 Rc7 17.h3 Qb4 18.Na2 Qb6 19.Nc3 Rfc8 20.Rd1 Qb4 21.Bxe6 fxe6 22.Rb3 Qc5
23.Qd3 Rd8 24.Qe2 Rf8 25.Qe3 Qxe3 26.fxe3 Rd8 27.Rb6 Rcd7 28.Kf2 Kf7 29.Ke2 Ke7
30.g4 h6 31.Rg1 g5 32.Rb4 d5 33.exd5 exd5 34.Rf1 d4 35.exd4 exd4 36.Nb1 Nd5
37.Rxd4 Nf4+ 38.Rdxf4 gxf4 39.Rxf4 Rd1 40.Na3 R1d4 41.Rxd4 Rxd4 42.b3 Kf6
43.Ke3 Rd1 44.h4 Ke6 45.Kf4 Rh1 46.Kg3 Kd5 47.Nc4 b5 48.axb5 axb5 49.Ne3+ Ke5
50.h5 Rc1 51.Kf3 b4 52.Nc4+ Kd4 53.Ne3 Rh1 54.Kf4 Rh3 55.Nf5+ Kc3 56.Ne3 Kd4
57.Nf5+ Kc3 58.Ne3 Kd4  1/2-1/2

[Event "Czech Open GMA"]
[Site "Pardubice CZE"]
[Date "2007.07.27"]
[Round "8"]
[White "Kraemer,Mart"]
[Black "Vorobiov,E"]
[Result "0-1"]
[WhiteElo "2437"]
[BlackElo "2572"]

1.e4 c5 2.Nf3 e6 3.d4 cxd4 4.Nxd4 Nc6 5.Nc3 d6 6.Be3 Nf6 7.Be2 Be7 8.f4 O-O
9.Qd2 e5 10.Nb3 a5 11.a4 Be6 12.f5 Bxb3 13.cxb3 Nxe4 14.Nxe4 d5 15.f6 Bb4
16.Nc3 d4 17.fxg7 Re8 18.Bg5 dxc3 19.bxc3 Bxc3 20.Qxc3 Qxg5 21.O-O e4 22.Qc4 Re7
23.Rad1 Kxg7 24.Rd5 Qe3+ 25.Kh1 Rf8 26.Bh5 f6 27.Rdf5 Qd4 28.Qe2 e3 29.R5f4 Qd2
30.Qg4+ Kh8 31.Re4 Qd3 32.Ref4 Nd4 33.h3 e2 34.Re1 Qd2 35.Qh4 Nc2 36.Rxf6 Qxe1+
37.Qxe1 Rxf6  0-1

[Event "Czech Open GMA"]
[Site "Pardubice CZE"]
[Date "2007.07.27"]
[Round "8"]
[White "Schneider,Dm"]
[Black "Potkin,V"]
[Result "0-1"]
[WhiteElo "2488"]
[BlackElo "2591"]

1.e4 c5 2.Nf3 e6 3.d4 cxd4 4.Nxd4 Nc6 5.Nc3 a6 6.Be2 d6 7.O-O Bd7 8.Be3 Nf6
9.f4 Be7 10.Kh1 O-O 11.Qe1 e5 12.fxe5 dxe5 13.Nxc6 Bxc6 14.Rd1 Qc7 15.Nd5 Bxd5
16.exd5 Ne4 17.c4 a5 18.Bd3 Nc5 19.Bb1 Rae8 20.b3 e4 21.Bf4 Bd6 22.Bxd6 Qxd6
23.Qxa5 b6 24.Qc3 f5 25.b4 Nd7 26.Bc2 Rc8 27.Bb3 Ne5 28.Rd4 Ng4 29.Qg3 Ne5
30.Qf4 h6 31.h3 g5 32.Qd2 Nd3 33.Rxd3 exd3 34.Qxd3 Qxb4 35.Rxf5 Qd6 36.Bc2 Rxf5
37.Qxf5 Rxc4 38.g3 Rc7 39.Kg2 Rf7 40.Qe6 Qxe6 41.dxe6 Rf6 42.Bb3 Kf8 43.g4 Ke7
44.h4 b5 45.hxg5 hxg5 46.Kg3 Rf8 47.Kg2 Kd6 48.Kg3 Rf4 49.Kh3 Rf6 50.Kg3 b4
51.Kg2 Rf8 52.Kg3 Rf4 53.Kh3 Rf3+ 54.Kg2 Rxb3 55.axb3 Kxe6 56.Kf2 Kd5 57.Ke3 Ke5
58.Kd3 Kf4 59.Kc4 Kxg4 60.Kxb4 Kf3  0-1

[Event "11th Festival Open A"]
[Site "Senta SRB"]
[Date "2007.07.27"]
[Round "9"]
[White "Markovic,Zo"]
[Black "Andrijevic,M"]
[Result "0-1"]
[WhiteElo "2186"]
[BlackElo "2338"]

1.e4 c5 2.Nf3 e6 3.d4 cxd4 4.Nxd4 Nc6 5.Nc3 Qc7 6.Be2 a6 7.O-O Nf6 8.Kh1 Be7
9.f4 d6 10.Be3 O-O 11.Qe1 Bd7 12.Qg3 Kh8 13.Rad1 b5 14.e5 Ne8 15.Nf3 g6 16.Ne4 d5
17.Neg5 Kg7 18.Nd4 Nxd4 19.Bxd4 Bc5 20.f5 exf5 21.e6+ Bxd4 22.Qh4 Nf6 23.e7 Rfe8
24.Qxd4 Rxe7 25.Nxh7 Qe5 26.Qxe5 Rxe5 27.Nxf6 Kxf6 28.Bf3 Be6 29.Rd4 Rc8
30.c3 Rc4 31.Kg1 g5 32.g3 Ke7 33.Kf2 Rc8 34.Rfd1 Kd6 35.h4 f6 36.R1d3 Bf7
37.Rd1 Rc4 38.R1d2 Re7 39.R4d3 Re5 40.Rd4 Kc5 41.Be2 Ra4 42.Rxa4 bxa4 43.Bxa6 a3
44.b3 gxh4 45.gxh4 Re4 46.h5 Bxh5 47.b4+ Kc6 48.Bd3 Rh4 49.Ke3 f4+ 50.Kd4 f3+
51.Ke3 Rh1 52.c4 dxc4 53.Bxc4 Rb1 54.Rh2 Rxb4 55.Bb3 Bg6 56.Kxf3 Kc5 57.Rh8 Kd4
58.Rc8 Be4+ 59.Kf2 f5 60.Rc7 Rb6 61.Rc4+ Ke5 62.Ra4 Rh6 63.Rxa3 Rh2+ 64.Ke1 Kd4
65.Bd1 Bd3 66.Ra8 Ke3  0-1

[Event "Open Women Bulgarian Ch"]
[Site "Vratsa BUL"]
[Date "2007.07.27"]
[Round "4"]
[White "Petkova,V"]
[Black "Vladimirova,D"]
[Result "1-0"]
[WhiteElo "1966"]
[BlackElo "1776"]

1.e4 c5 2.Nf3 e6 3.d4 cxd4 4.Nxd4 Nc6 5.Nc3 a6 6.Be2 Qc7 7.a3 Be7 8.O-O Nxd4
9.Qxd4 Bf6 10.Qd3 Ne7 11.Bd2 Nc6 12.Kh1 Nd4 13.f4 e5 14.Nd5 Qc6 15.c3 Nxe2
16.Qxe2 g6 17.Qf3 Rf8 18.fxe5 Bxe5 19.Bh6 Qe6 20.Bxf8 Kxf8 21.Rf2 b5 22.Raf1 Bb7
23.Qxf7+ Qxf7 24.Rxf7+ Kg8 25.Rxd7 Rb8 26.Rff7 Ba8 27.Rxh7 Rf8 28.Kg1 Re8
29.Rhe7 Rxe7 30.Rxe7 Bxd5 31.exd5  1-0

[Event "Open Women Bulgarian Ch"]
[Site "Vratsa BUL"]
[Date "2007.07.27"]
[Round "4"]
[White "Nikolova,A"]
[Black "Vladimirova,M"]
[Result "1-0"]
[WhiteElo "2234"]
[BlackElo "1998"]

1.e4 c5 2.Nf3 e6 3.d4 cxd4 4.Nxd4 Nc6 5.Nc3 a6 6.Be2 Qc7 7.O-O Nf6 8.Be3 Bb4
9.Na4 Be7 10.Nxc6 bxc6 11.Nb6 Rb8 12.Nxc8 Qxc8 13.e5 Nd5 14.Bc1 Bc5 15.c4 Ne7
16.b3 Ng6 17.Bb2 O-O 18.Bd3 Qc7 19.Re1 Rfd8 20.Qf3 d6 21.exd6 Bxd6 22.g3 Bb4
23.Re2 a5 24.h4 Nf8 25.h5 Bc5 26.Be4 Bd4 27.Bxd4 Rxd4 28.Bxc6 Rbd8 29.Be4 f5
30.Bc2 Qd6 31.a4 Nd7 32.Ree1 Nc5 33.Rad1 Qc7 34.Rxd4 Rxd4 35.Qe3 Qd8 36.Qe5 Rd2
37.Qxc5 Rxc2 38.Rxe6 f4 39.Rd6 Rc1+ 40.Kh2 fxg3+ 41.fxg3 Qa8 42.Qd5+ Qxd5
43.Rxd5 Rb1 44.Rb5 Kf7 45.Kh3 g6 46.hxg6+ hxg6 47.Kg4 Kf6 48.Rb6+ Ke5 49.Kg5 Kd4
50.g4 Rg1 51.Rxg6  1-0

[Event "Arximiro Penide Cedeira Mem"]
[Site "Arteixo ESP"]
[Date "2007.07.28"]
[Round "3"]
[White "Permuy Lorenzo,C"]
[Black "Iotov,V"]
[Result "0-1"]
[WhiteElo "2326"]
[BlackElo "2502"]

1.e4 c5 2.Nf3 e6 3.d4 cxd4 4.Nxd4 Nc6 5.Nc3 Qc7 6.Be3 a6 7.f4 b5 8.Nxc6 Qxc6
9.Bd3 Bb7 10.Ne2 Bc5 11.Qd2 Nf6 12.Ng3 Ng4 13.Bxc5 Qxc5 14.h3 Ne3 15.Nf1 Nc4
16.Qc3 O-O 17.b3 Qa3 18.Qd4 Nb2 19.Be2 Rac8 20.Ne3 d5 21.Rb1 dxe4 22.Qxb2 Qb4+
23.Kf2 Rc3 24.Rbd1 f5 25.Qc1 e5 26.g3 exf4 27.gxf4 Qe7 28.Qd2 Qh4+ 29.Kg2 Rc6
30.Nd5 Rg6+ 31.Kf1 Rg3 32.Qd4 Kh8 33.Qf2 e3 34.Qh2 Rxh3  0-1

[Event "MTO"]
[Site "Biel SUI"]
[Date "2007.07.28"]
[Round "6"]
[White "Meier,Geo"]
[Black "Beshukov,S"]
[Result "1/2-1/2"]
[WhiteElo "2546"]
[BlackElo "2458"]

1.e4 c5 2.Nf3 e6 3.d4 cxd4 4.Nxd4 Nc6 5.Nc3 Qc7 6.g3 a6 7.Bg2 d6 8.O-O Bd7
9.Re1 Be7 10.Nxc6 Bxc6 11.Qg4 h5 12.Qe2 h4 13.a4 Nf6 14.a5 hxg3 15.hxg3 Kf8
16.Be3 Nd7 17.Na4 g6 18.c4 e5 19.b4 Bxa4 20.Rxa4 Kg7 21.Ra2 Rh7 22.Rd1 Rah8
23.Rc2 Qc6 24.c5 dxc5 25.Qc4 Nf8 26.bxc5 Rh2 27.Rd5 Bf6 28.Rd6 Qc8 29.f3 Ne6
30.c6 Bg5 31.Bb6 bxc6 32.Qxc6 Qxc6 33.Rcxc6 R2h7 34.Kf1 Re8 35.Rd7 Kh6 36.Bh3 Nd4
37.Bxd4 exd4 38.f4 Bd8 39.Rd5 Kg7 40.Kg2 Rh5 41.e5 Reh8 42.Bc8 Rh2+ 43.Kf3 Ra2
44.Rd7 Ra3+ 45.Ke4 Rc3 46.Bb7 Bxa5 47.Rf6 Rf8 48.Bd5 Rc7 49.Rdd6 Bb4 50.Rxa6 Rd8
51.Rfb6 Bc5 52.Rb3 Rcd7 53.Bc6 Rc7 54.g4 d3  1/2-1/2

[Event "29th Politiken Cup"]
[Site "Copenhagen DEN"]
[Date "2007.07.28"]
[Round "9"]
[White "Tadjerbashi,A"]
[Black "Schmied,A"]
[Result "0-1"]
[WhiteElo "2182"]
[BlackElo "2054"]

1.e4 c5 2.Nf3 e6 3.Nc3 Nc6 4.d4 cxd4 5.Nxd4 Qc7 6.g3 a6 7.Bg2 d6 8.O-O Bd7
9.Re1 Be7 10.Nxc6 Bxc6 11.Qg4 h5 12.Qe2 h4 13.a4 hxg3 14.hxg3 Nf6 15.Bd2 Kf8
16.a5 Re8 17.Be3 Rh7 18.Rec1 g6 19.Bb6 Qc8 20.Na4 Kg7 21.c4 Reh8 22.Nc3 Rh2
23.Qf3 Qg8 24.Re1 Qh7 25.Bd4 e5 26.Nd5 exd4 27.Nxe7 Bd7 28.e5 dxe5 29.Nd5 Ng4
30.Re4 Bf5 31.Rxg4 Rxg2+ 32.Qxg2 Bxg4 33.Re1 Qh5  0-1

[Event "29th Politiken Cup"]
[Site "Copenhagen DEN"]
[Date "2007.07.28"]
[Round "9"]
[White "Blomstrom,L"]
[Black "Cmilyte,V"]
[Result "0-1"]
[WhiteElo "2197"]
[BlackElo "2467"]

1.e4 c5 2.Nf3 e6 3.d4 cxd4 4.Nxd4 Nc6 5.Nc3 Qc7 6.g3 a6 7.Bg2 Nge7 8.O-O Nxd4
9.Qxd4 Nc6 10.Qd1 Be7 11.a4 O-O 12.Bf4 d6 13.Qe2 Ne5 14.Rad1 Bd7 15.Bc1 Rac8
16.f4 Nc4 17.Rf2 Bf6 18.Rd3 Nb6 19.g4 Nxa4 20.Nxa4 Bxa4 21.b3 Bc6 22.g5 Be7
23.Qh5 g6 24.Qh6 f5 25.Rh3 Bd8 26.exf5 exf5 27.Bb2 Qf7 28.Bxc6 Rxc6 29.Re2 Bb6+
30.Kh1 Rc7 31.c4 Bc5 32.Rd3 b5 33.cxb5 axb5 34.h4 Re8 35.Rdd2 Re4 36.h5 Rxf4
37.Kg2 Rg4+  0-1

[Event "IMA"]
[Site "Dimitrov RUS"]
[Date "2007.07.28"]
[Round "13"]
[White "Paveliev,A"]
[Black "Chernobay,A"]
[Result "1/2-1/2"]
[WhiteElo "2405"]
[BlackElo "2409"]

1.e4 c5 2.Nf3 Nc6 3.Nc3 e6 4.d4 cxd4 5.Nxd4 Nf6 6.Ndb5 d6 7.Bf4 e5 8.Nd5 Nxd5
9.exd5 exf4 10.dxc6 bxc6 11.Qf3 d5 12.O-O-O Be7 13.Qc3 O-O 14.Qxc6 Be6 15.Nc7 Rc8
16.Nxe6 Rxc6 17.Nxd8 Rxd8  1/2-1/2

[Event "Siberia A"]
[Site "Novosibirsk RUS"]
[Date "2007.07.28"]
[Round "10"]
[White "Petrukhin,D"]
[Black "Vekshenkov,N"]
[Result "1-0"]
[WhiteElo "2412"]
[BlackElo "2422"]

1.e4 c5 2.Nf3 e6 3.d4 cxd4 4.Nxd4 Nc6 5.Nc3 Qc7 6.Be3 Nf6 7.Qd2 Bb4 8.f3 d5
9.a3 Ba5 10.Ndb5 Qe7 11.Qf2 O-O 12.Bc5 Qd8 13.b4 Bb6 14.Bxb6 Qxb6 15.Qxb6 axb6
16.O-O-O dxe4 17.Nxe4 Nxe4 18.fxe4 e5 19.Bc4 Bg4 20.Rd6 Rac8 21.h3 Bh5 22.g4 Nd4
23.Nxd4 Rxc4 24.Nf5 Bg6 25.Rxb6 Rxe4 26.Rxb7 Bxf5 27.gxf5 Rc8 28.Rd1 Rf4
29.a4 e4 30.Rbd7 g6 31.Rd8+ Rxd8 32.Rxd8+ Kg7 33.c3 gxf5 34.a5 e3 35.Re8 Rf1+
36.Kb2 f4 37.a6 Rf2+ 38.Kb3 Rf1 39.b5 Rb1+ 40.Kc4 Ra1 41.b6  1-0

[Event "Czech Open GMA"]
[Site "Pardubice CZE"]
[Date "2007.07.28"]
[Round "9"]
[White "Vorobiov,E"]
[Black "Hasangatin,R"]
[Result "1-0"]
[WhiteElo "2572"]
[BlackElo "2476"]

1.e4 c5 2.Nf3 Nc6 3.d4 cxd4 4.Nxd4 e6 5.Nc3 Bb4 6.Nb5 Nf6 7.a3 Bxc3+ 8.Nxc3 d5
9.exd5 exd5 10.Bd3 O-O 11.O-O d4 12.Ne2 Re8 13.b4 Bg4 14.f3 Bh5 15.Bb2 a6
16.Rf2 Bg6 17.Bxg6 hxg6 18.Nxd4 Ne5 19.Nb3 Qc7 20.Re2 Nc4 21.Bxf6 gxf6 22.Nc5 Red8
23.Qe1 Qc6 24.Qh4 b6 25.Qxc4 bxc5 26.Re7 Rd5 27.Rae1 Qd6 28.c3 Kg7 29.h3 Rf8
30.Ra7 Rd2 31.Ree7 Rd5 32.f4 g5 33.Rad7 Qxd7 34.Rxd7 Rxd7 35.fxg5 fxg5 36.Qxc5 f5
37.a4 Rf6 38.c4 Kg6 39.b5 Rd1+ 40.Kh2 Re6 41.b6 f4 42.h4 gxh4 43.Kh3 Rb1
44.a5 Re3+ 45.Kxh4 Rg3 46.Qh5+ Kf6 47.Qh8+ Ke6 48.Qc8+ Ke5 49.Qc7+ Kf5 50.Qh7+ Rg6
51.Qf7+ Rf6 52.Qd5+  1-0

[Event "Czech Open GMA"]
[Site "Pardubice CZE"]
[Date "2007.07.28"]
[Round "9"]
[White "Novotny,M1"]
[Black "Mueller,Fab"]
[Result "1-0"]
[WhiteElo "2219"]
[BlackElo "2317"]

1.e4 c5 2.Nf3 e6 3.d4 cxd4 4.Nxd4 Nc6 5.Nc3 Qc7 6.Nxc6 bxc6 7.Bd3 d5 8.Qe2 d4
9.Nb1 Nf6 10.O-O Be7 11.Nd2 Nd7 12.f4 c5 13.Nc4 O-O 14.Rf3 g6 15.f5 Bb7 16.Bf4 Qd8
17.Bh6 exf5 18.Bxf8 Bxf8 19.Rf2 fxe4 20.Bxe4 Bxe4 21.Qxe4 Nb6 22.Qf3 f5 23.Nxb6 axb6
24.Qb3+ Kh8 25.Re2 Bh6 26.Re6 Be3+ 27.Kh1 Rb8 28.a4 f4 29.Rf1 Qc7 30.Qb5 Kg7
31.b3 h5 32.Qd3 Qf7 33.Qe4 Kh6 34.Qe5 Rd8 35.h4  1-0

[Event "Czech Open GMA"]
[Site "Pardubice CZE"]
[Date "2007.07.28"]
[Round "9"]
[White "Gorovykh,E"]
[Black "Genutis,M"]
[Result "1/2-1/2"]
[WhiteElo "2409"]
[BlackElo "2283"]

1.e4 c5 2.Nf3 e6 3.d4 cxd4 4.Nxd4 Nc6 5.Nc3 Qc7 6.g3 a6 7.Bg2 d6 8.O-O Bd7
9.Nde2 Nf6 10.h3 Be7 11.g4 h6 12.Ng3 b5 13.f4 Nh7 14.f5 Ne5 15.fxe6 fxe6
16.Nh5 Rg8 17.Be3 Rc8 18.a3 a5 19.Bd4 Qc4 20.Rf2 Bh4 21.Rd2 Qc6 22.Bf1 Rb8
23.Ba7 Rb6 24.Bxb6 Qxb6+ 25.Kh1 Be7 26.Bg2 Nc4 27.Re2 Nxb2 28.Qg1 Qxg1+ 29.Rxg1 Nc4
30.Nb1 Bg5 31.Rf1 Be3 32.Rf3 Bc5 33.h4 Ke7 34.Re1 Ne5 35.Rb3 Nxg4 36.Nc3 a4
37.Rbb1 Bxa3 38.Nxb5 Bc5 39.Nf4 g5 40.Ne2 Nf2+ 41.Kh2 Nd3 42.cxd3 Bf2 43.Rec1 Bxh4
44.Na7 Nf6 45.Rb7 e5 46.d4 Bf2 47.Nc6+ Ke8 48.dxe5 Ng4+ 49.Kh1  1/2-1/2

[Event "94th ch-GBR"]
[Site "Great Yarmouth ENG"]
[Date "2007.07.29"]
[Round "1"]
[White "Rudd,J"]
[Black "Conquest,S"]
[Result "1/2-1/2"]
[WhiteElo "2370"]
[BlackElo "2546"]

1.e4 c5 2.Nf3 e6 3.d4 cxd4 4.Nxd4 Nc6 5.Nc3 a6 6.Nxc6 bxc6 7.Bd3 d5 8.exd5 cxd5
9.O-O Nf6 10.Re1 Be7 11.Bf4 Bb7 12.Qf3 Bd6 13.Bg5 h6 14.Qh3 Qc7 15.Be3 O-O
16.Bxh6 Bxh2+ 17.Kh1 Bf4 18.Bxf4 Qxf4 19.Ne2 Qg4 20.Qh2 Qh5 21.Nd4 Rfc8 22.Qxh5 Nxh5
23.g3 Nf6 24.c3 Nd7 25.Kg1 Kf8 26.f3 Nc5 27.Bc2 Rab8 28.Rac1 Nd7 29.Bd3 Nc5
30.Bc2 Nd7 31.Bd3 Nc5  1/2-1/2